000 00436nam a2200157Ia 4500
008 230711s9999||||xx |||||||||||||| ||und||
041 _aENG
082 _a720
_bZA-I
100 _aZafeiropoulos,Nikolaos
245 0 _aInterface engineering of natural fibre composites for maximum performance
250 _a1st . Ed.
260 _c2011
_aLondon
_bOxford University Press
300 _a414
650 _aTextile Engineering
942 _cBK
999 _c5422
_d5422